Biblické náboženství a ontologie : Výbor ze studií, esejů a kázání /

Salvato in:
Dettagli Bibliografici
Autore principale: Tillich, Paul (Autore)
Natura: Libro
Lingua:ceco
Pubblicazione: Praha : Kalich, 1990
Edizione:1.vyd.
Tags: Aggiungi Tag
Nessun Tag, puoi essere il primo ad aggiungerne!!

MARC

LEADER 00000nam a22000003a 4500
001 stu840
005 20150617225618.7
008 911126s1990----cs------------------cze-d
040 |a STU  |b slo 
041 0 |a cze 
044 |a cs 
080 |a 22 
080 |a 111.1 
100 1 |a Tillich, Paul  |4 aut 
245 1 |a Biblické náboženství a ontologie :  |b Výbor ze studií, esejů a kázání /  |c [aut.] Tillich,Paul 
250 |a 1.vyd. 
260 |a Praha :  |b Kalich,  |c 1990 
300 |a 239 s 
996 |b E75411  |c R*75411  |l RRUM  |s A  |a 24  |w stu840_0001